000 01985nam a2200373 c 4500
999 _c188481
_d188481
003 BLK
005 20230406030256.0
008 180411b bul|||||r ||||||| ||bul||
010 _aKNG00197499000
040 _aBLK
041 _aBUL
_cBUL
080 _aБългарска литература
_b821.163.2
_x(081.1)
_z821.163.2(081.1)
080 _aБългарска литература
_b821.163.2
_x-1
_z821.163.2-1
139 _aХристов, Кирил
_bХ 78
245 1 0 _aСъчинения
_bВ 5 т.
_cКирил Христов; под ред. на Светла Русева Гюрова; с предг. от Кръстьо Тодоров Куюмджиев
_nТ. 1
_pЛирика
257 _aBGR
260 _bБълг. писател
_c1966 -
_aСофия
300 _c20 см
380 _aX
500 _aПълното име на авт. е Кирил Христов Генчев.
653 _aстихотворения
700 1 _aГюрова, Светла Русева
_eпод ред. на
_9364441
700 1 _aКуюмджиев, Кръстьо Тодоров
_9369420
700 1 _aГенчев, Кирил Христов
_e*
_9309652
760 1 _aХристов, Кирил
_d1966
_h692 с., 4 л. : портр., 2 л. : факс.
_tТ. 1 Лирика
852 _aЦб 39641
856 4 _qpdf
_i0.00
_ldisable
856 4 _qpdf
_i0.00
_ldisable
942 _cKNG
_n0
_04
_s1
944 _aCR
_c06.12.2016
_lф /
_kПравда_Бадева
944 _aED
_c06.07.2017
_lф /
_kЛюдмила_Стоянова
999 _d188481
999 _d188481